[Event "Windsor Bradley op 7th"]
[Site "Windsor Locks"]
[Date "2002.07.20"]
[Round "3"]
[White "Paschall, William M"]
[Black "Ross, Laura R"]
[Result "1-0"]
[WhiteElo "2467"]
[BlackElo "2109"]
[PlyCount "111"]
[EventDate "2002.07.??"]
[EventType "swiss"]
[EventRounds "5"]
[EventCountry "USA"]
[SourceTitle "EXT 2005"]
[Source "ChessBase"]
[SourceDate "2004.11.15"]
[SourceVersion "1"]
[SourceVersionDate "2004.11.15"]
[SourceQuality "1"]

1. Nf3 d5 2. c4 e6 3. d4 c5 4. cxd5 exd5 5. Nc3 Nc6 6. g3 Nf6 7. Bg2 Be7 8. 0-0 0-0 9. Bg5 cxd4 10. Nxd4 h6 11. Bf4 Bg4 12. h3 Bh5 13. Qa4 Qb6 14. Ncb5 a6 15. Nxc6 bxc6 16. Nd4 Bc5 17. e3 g5 18. Be5 Nd7 19. b4 Nxe5 20. bxc5 Qxc5 21. Rac1 Qd6 22. g4 Bg6 23. Nxc6 Bd3 24. Rfd1 Bb5 25. Qb4 Qxb4 26. Nxb4 Rac8 27. Nxd5 Ng6 28. Bf1 Rfd8 29. Bxb5 Rxc1 30. Rxc1 axb5 31. Rc5 Ra8 32. Nb4 Ra5 33. Kf1 Kf8 34. Ke2 Ke8 35. Kd3 Kd7 36. Ke4 Ne7 37. Re5 Ng6 38. Rf5 Ne7 39. Rxf7 Ra4 40. a3 Ke8 41. Rh7 Rxa3 42. Ke5 Ra4 43. Kd6 Rxb4 44. Rxe7+ Kf8 45. Rh7 Ra4 46. Ke5 Ra6 47. Rb7 Ra2 48. f4 gxf4 49. exf4 Rh2 50. Rxb5 Rxh3 51. Kf6 Kg8 52. Kg6 Kf8 53. Rb8+ Ke7 54. f5 Rh4 55. f6+ Ke6 56. Re8+ 1-0